[Event "Angers op 15th"]
[Site "Angers"]
[Date "2022.05.27"]
[Round "2"]
[White "Harutyunyan, Ruben"]
[Black "Batteux, Mickael"]
[Result "1-0"]
[WhiteElo "2381"]
[BlackElo "2006"]
[PlyCount "89"]
[EventDate "2022.05.27"]
[EventType "swiss"]
[EventRounds "6"]
[EventCountry "FRA"]
[SourceTitle "CBM 208 Extra"]
[Source "ChessBase"]
[SourceDate "2022.07.31"]
[SourceVersion "1"]
[SourceVersionDate "2022.07.31"]
[SourceQuality "1"]

1. Nf3 g6 2. e4 Bg7 3. d4 d6 4. Nc3 Nf6 5. Be2 c6 6. 0-0 0-0 7. a4 Qc7 8. h3 Nbd7 9. a5 e5 10. dxe5 Nxe5 11. Be3 Be6 12. Nd4 Bc4 13. b3 Bxe2 14. Ndxe2 Qe7 15. Qd2 Rfd8 16. Bg5 Qf8 17. Rad1 h6 18. Bh4 g5 19. Bg3 Nh5 20. Nd4 Ng6 21. Nf5 Nhf4 22. Bxf4 Nxf4 23. Ne2 Ne6 24. Nxg7 Qxg7 25. Qc3 Qxc3 26. Nxc3 Kf8 27. Rd2 Ke7 28. Rfd1 h5 29. Na4 h4 30. Nb2 Nf4 31. Nc4 d5 32. exd5 Rxd5 33. Rxd5 Nxd5 34. a6 b5 35. Ne5 Nb4 36. c3 Nxa6 37. Nxc6+ Kf6 38. Rd6+ Kg7 39. Rd5 Rc8 40. Nxa7 Rxc3 41. Rxg5+ Kf6 42. Rxb5 Nc5 43. Rb4 Rc1+ 44. Kh2 Nd3 45. Rxh4 1-0

[Event "FRA-ch U20"]
[Site "Agen"]
[Date "2022.04.20"]
[Round "5"]
[White "Defromont, Benjamin"]
[Black "Harutyunyan, Ruben"]
[Result "0-1"]
[WhiteElo "2260"]
[BlackElo "2380"]
[PlyCount "186"]
[EventDate "2022.04.16"]
[EventType "swiss"]
[EventRounds "9"]
[EventCountry "FRA"]
[SourceTitle "EXT 2023"]
[Source "ChessBase"]
[SourceDate "2022.10.05"]
[SourceVersion "1"]
[SourceVersionDate "2022.10.05"]
[SourceQuality "1"]

1. e4 e5 2. Nf3 Nc6 3. Bb5 a6 4. Ba4 Nf6 5. 0-0 Be7 6. Re1 b5 7. Bb3 d6 8. c3 0-0 9. h3 Na5 10. Bc2 c5 11. d4 Nd7 12. d5 Nb6 13. Nbd2 Bd7 14. Nf1 Nb7 15. Ng3 g6 16. Bh6 Re8 17. Qc1 c4 18. Nh2 Nc5 19. Qe3 Bf8 20. Rf1 Qe7 21. Ng4 Bxg4 22. hxg4 Bxh6 23. Qxh6 f6 24. Ne2 a5 25. g3 b4 26. Qe3 b3 27. Bd1 Nba4 28. axb3 Nxb2 29. bxc4 Nxc4 30. Qc1 Nxe4 31. Ba4 Rec8 32. Bc6 Rab8 33. Qc2 Ned2 34. Rfd1 Rb2 35. Qa4 Nb6 36. Qxa5 Ndc4 37. Qa6 Rxe2 38. Rdb1 Rc2 39. Rxb6 Nxb6 40. Qxb6 Qc7 41. Qb3 Rd2 42. c4 Rb8 43. Qe3 Rdb2 44. c5 Rb1+ 45. Rxb1 Rxb1+ 46. Kg2 Rb8 47. Qa3 Rd8 48. cxd6 Rxd6 49. Qc5 Kg7 50. Qb5 Rd8 51. Qc5 e4 52. Qb4 e3 53. fxe3 Rb8 54. Qe4 Qe5 55. Kf3 Qxe4+ 56. Kxe4 Rb4+ 57. Kf3 Rb6 58. Bd7 Kf7 59. Be6+ Ke7 60. Kf4 h6 61. Ke4 Rb4+ 62. Kf3 Rb7 63. Ke4 Kd6 64. Kf4 Rb4+ 65. Kf3 Ke5 66. Bf7 Rb5 67. Bxg6 Rxd5 68. Bc2 Rd2 69. Bg6 Rb2 70. Bh7 Kd5 71. Bg8+ Kc5 72. Be6 Kb4 73. Ke4 Rf2 74. Kd4 Rf3 75. e4 Rf1 76. Bf7 Rd1+ 77. Ke3 Kc3 78. Be6 Re1+ 79. Kf4 Kd4 80. Kf5 Rf1+ 81. Kg6 Kxe4 82. Kxh6 Ke5 83. Bc8 Rh1+ 84. Kg6 Rh8 85. Bf5 Rh3 86. Bc8 Rxg3 87. Bf5 Rb3 88. Kf7 Rb6 89. Kg7 Kf4 90. Kg6 Rd6 91. Kh6 Rd5 92. Be6 Rg5 93. Bd7 Rxg4 0-1

[Event "FRA-ch U20"]
[Site "Agen"]
[Date "2022.04.19"]
[Round "4"]
[White "Harutyunyan, Ruben"]
[Black "Gatineau, Yovann"]
[Result "1/2-1/2"]
[WhiteElo "2380"]
[BlackElo "2352"]
[PlyCount "52"]
[EventDate "2022.04.16"]
[EventType "swiss"]
[EventRounds "9"]
[EventCountry "FRA"]
[SourceTitle "EXT 2023"]
[Source "ChessBase"]
[SourceDate "2022.10.05"]
[SourceVersion "1"]
[SourceVersionDate "2022.10.05"]
[SourceQuality "1"]

1. Nf3 d5 2. g3 Nd7 3. d4 Nb6 4. Bg2 Bf5 5. 0-0 e6 6. Nbd2 h6 7. c4 c6 8. Qb3 Qc7 9. Ne5 Nf6 10. Ndf3 Be7 11. Bf4 Qc8 12. a4 Nxc4 13. Nxc4 dxc4 14. Qxc4 a5 15. Nd2 0-0 16. e4 Bg6 17. Qe2 Qd8 18. Be3 Bb4 19. Rfd1 Bxd2 20. Bxd2 Bh5 21. f3 Qxd4+ 22. Be3 Qb4 23. Rd4 Qe7 24. Qd2 e5 25. Rd6 Rad8 26. Rxd8 Rxd8 1/2-1/2

[Event "FRA-ch U20"]
[Site "Agen"]
[Date "2022.04.18"]
[Round "3"]
[White "Lucas, Arthur"]
[Black "Harutyunyan, Ruben"]
[Result "1/2-1/2"]
[WhiteElo "2318"]
[BlackElo "2380"]
[PlyCount "80"]
[EventDate "2022.04.16"]
[EventType "swiss"]
[EventRounds "9"]
[EventCountry "FRA"]
[SourceTitle "EXT 2023"]
[Source "ChessBase"]
[SourceDate "2022.10.05"]
[SourceVersion "1"]
[SourceVersionDate "2022.10.05"]
[SourceQuality "1"]

1. e4 c5 2. Nc3 Nc6 3. Bb5 Nd4 4. Nf3 e6 5. 0-0 a6 6. Bd3 Nc6 7. b3 d6 8. Bb2 Nf6 9. Re1 e5 10. Nd5 Be7 11. Bc4 0-0 12. c3 Bg4 13. Ne3 Bh5 14. Nf5 d5 15. exd5 Nxd5 16. Bxd5 Qxd5 17. Rxe5 Qxe5 18. Nxe5 Bxd1 19. Nxc6 Bf6 20. Nce7+ Kh8 21. Rxd1 Rad8 22. Ba3 g6 23. Bxc5 Rfe8 24. Nh6 Kg7 25. Nhg8 Bxc3 26. d4 Rd7 27. Rd3 Ba5 28. h4 Bd8 29. Re3 Rxg8 30. Nxg8 Kxg8 31. g3 f5 32. Rd3 Rd5 33. Kf1 Bf6 34. Ke2 Kf7 35. Rd1 Ke6 36. Kd3 Rd8 37. Kc4 b5+ 38. Kb4 Kd5 39. Re1 Rc8 40. Re2 Bxd4 1/2-1/2

[Event "Juvisy sur Orge 3rd"]
[Site "Juvisy sur Orge"]
[Date "2019.06.29"]
[Round "1"]
[White "Harutyunyan, Ruben"]
[Black "Delorme, Alban"]
[Result "0-1"]
[WhiteElo "2316"]
[BlackElo "2327"]
[PlyCount "102"]
[EventDate "2019.06.29"]
[EventType "tourn"]
[EventRounds "9"]
[EventCountry "FRA"]
[EventCategory "3"]
[SourceTitle "EXT 2020"]
[Source "ChessBase"]
[SourceDate "2019.10.17"]
[SourceVersion "1"]
[SourceVersionDate "2019.10.17"]
[SourceQuality "1"]

1. e4 e6 2. d4 d5 3. Bd3 dxe4 4. Bxe4 Nf6 5. Bf3 c5 6. Ne2 Nc6 7. Be3 cxd4 8. Nxd4 Ne5 9. Nc3 Nc4 10. Qe2 Nxe3 11. fxe3 a6 12. 0-0-0 Qa5 13. Nc6 bxc6 14. Bxc6+ Bd7 15. Bxa8 Bb4 16. Qc4 0-0 17. Bb7 Rb8 18. Rxd7 Nxd7 19. Rd1 Bxc3 20. Rxd7 Be5 21. c3 Qb6 22. Qd3 Bc7 23. Qxa6 Qxb7 24. Qxb7 Rxb7 25. c4 Kf8 26. c5 Ke8 27. c6 Ra7 28. b4 Bb6 29. Rxa7 Bxe3+ 30. Kc2 Bxa7 31. a4 Kd8 32. a5 Kc7 33. b5 f5 34. Kd3 e5 35. Kc4 Kd6 36. Kb4 e4 37. Kc4 f4 38. Kc3 g5 39. Kd2 g4 40. Ke2 h5 41. Kf1 h4 42. h3 g3 43. Ke2 f3+ 44. Kf1 e3 45. gxf3 g2+ 46. Kxg2 e2 47. c7 e1Q 48. c8N+ Ke5 49. Nxa7 Qe2+ 50. Kh1 Qxf3+ 51. Kh2 Qf2+ 0-1

[Event "FRA-ch U16"]
[Site "Hyeres"]
[Date "2019.04.20"]
[Round "8"]
[White "Degraeve, Remy"]
[Black "Harutyunyan, Ruben"]
[Result "1-0"]
[WhiteElo "2312"]
[BlackElo "2310"]
[PlyCount "133"]
[EventDate "2019.04.14"]
[EventType "swiss"]
[EventRounds "9"]
[EventCountry "FRA"]
[SourceTitle "CBM 190 Extra"]
[Source "ChessBase"]
[SourceDate "2019.07.15"]
[SourceVersion "1"]
[SourceVersionDate "2019.07.15"]
[SourceQuality "1"]

1. b3 d5 2. Nf3 Bg4 3. e3 c6 4. Bb2 e6 5. h3 Bh5 6. d3 Nd7 7. Nbd2 a5 8. a4 f6 9. Be2 Bf7 10. e4 Bd6 11. d4 Ne7 12. Bd3 Ng6 13. g3 e5 14. 0-0 0-0 15. Re1 Qc7 16. Bf1 Rae8 17. Bg2 Bb4 18. c3 Bd6 19. Qc2 Qb6 20. dxe5 Bxe5 21. Nxe5 fxe5 22. Ba3 Ne7 23. Qd3 Be6 24. Qe3 Qxe3 25. Rxe3 Rf7 26. Rb1 h6 27. Bd6 Nc8 28. Ba3 Ncb6 29. Rbe1 g5 30. Rd3 Rc8 31. Bd6 Kg7 32. exd5 Bxd5 33. Bxe5+ Nxe5 34. Rxe5 Nd7 35. Re2 Bxg2 36. Kxg2 Nc5 37. Rd4 Rcf8 38. h4 Kh7 39. f3 Kg7 40. Rg4 Rf5 41. f4 Kg6 42. hxg5 hxg5 43. Nf3 Rd8 44. Re3 Kh5 45. Rxg5+ Rxg5 46. Nxg5 Nxb3 47. Kh3 Nc5 48. g4+ Kg6 49. Ne6 Rd3 50. Rxd3 Nxd3 51. f5+ Kf6 52. Nd4 Kg5 53. Kg3 Nb2 54. Nf3+ Kf6 55. Kf4 Nd3+ 56. Ke3 Nb2 57. Ke4 Nxa4 58. g5+ Kf7 59. f6 Nxc3+ 60. Kf5 Ne2 61. g6+ Kg8 62. Ng5 Ng3+ 63. Ke6 a4 64. f7+ Kg7 65. Nh7 Kxg6 66. f8Q Kxh7 67. Kf7 1-0

[Event "FRA-ch U16"]
[Site "Hyeres"]
[Date "2019.04.14"]
[Round "1"]
[White "Martinez Martinez, Mateo"]
[Black "Harutyunyan, Ruben"]
[Result "0-1"]
[WhiteElo "1972"]
[BlackElo "2310"]
[PlyCount "108"]
[EventDate "2019.04.14"]
[EventType "swiss"]
[EventRounds "9"]
[EventCountry "FRA"]
[SourceTitle "CBM 190 Extra"]
[Source "ChessBase"]
[SourceDate "2019.07.15"]
[SourceVersion "1"]
[SourceVersionDate "2019.07.15"]
[SourceQuality "1"]

1. d4 d5 2. c4 dxc4 3. Nf3 Nf6 4. e3 b5 5. a4 b4 6. Bxc4 e6 7. 0-0 Be7 8. Nbd2 Bb7 9. Qc2 Nbd7 10. b3 0-0 11. Bb2 c5 12. dxc5 Nxc5 13. Rfd1 Rc8 14. Ng5 g6 15. Nde4 Nd5 16. Nxc5 Rxc5 17. Ne4 Rc8 18. Be5 f5 19. Ng3 Bf6 20. Qb2 Qe7 21. a5 Nc3 22. Bxf6 Rxf6 23. Rd3 Bd5 24. Bxd5 exd5 25. Ne2 Rfc6 26. Nxc3 bxc3 27. Qc2 Qe4 28. h3 Rc5 29. Ra4 Qe8 30. Rad4 Qc6 31. b4 Rb5 32. g3 Kf7 33. Kg2 Ke6 34. g4 Kf6 35. f4 Ke6 36. Kg3 a6 37. g5 Rc7 38. h4 Rb8 39. Kg2 Rbc8 40. Kg3 Qb5 41. Kg2 Rc4 42. Rxc4 Qxc4 43. Rd4 Qb5 44. Kf2 Rc4 45. Rxc4 Qxc4 46. b5 axb5 47. a6 d4 48. a7 d3 49. a8Q dxc2 50. Qe8+ Kd6 51. Qd8+ Kc5 52. Qe7+ Kb6 53. Qd6+ Qc6 54. Qd4+ Ka6 0-1

[Event "Rochefort op 18th Op A"]
[Site "Rochefort"]
[Date "2019.02.17"]
[Round "3.1"]
[White "Zeng, Chongsheng"]
[Black "Harutyunyan, Ruben"]
[Result "1-0"]
[WhiteElo "2544"]
[BlackElo "2299"]
[PlyCount "87"]
[EventDate "2019.02.16"]
[EventType "swiss"]
[EventRounds "9"]
[EventCountry "FRA"]
[SourceTitle "CBM 189 Extra"]
[Source "ChessBase"]
[SourceDate "2019.06.03"]
[SourceVersion "1"]
[SourceVersionDate "2019.06.03"]
[SourceQuality "1"]

1. e4 c5 2. Nf3 Nc6 3. d4 cxd4 4. Nxd4 Nf6 5. Nc3 d6 6. Bg5 e6 7. Qd2 a6 8. 0-0-0 Bd7 9. f4 b5 10. Bxf6 gxf6 11. Kb1 Qb6 12. Nxc6 Bxc6 13. f5 b4 14. Ne2 e5 15. Ng3 Qc5 16. Nh5 Ke7 17. g4 Rg8 18. h3 Rg5 19. Qe2 Rg8 20. h4 a5 21. Rh3 a4 22. c4 Bh6 23. Qf3 Bf4 24. Be2 a3 25. Nxf4 exf4 26. Qxf4 axb2 27. g5 fxg5 28. hxg5 Ra3 29. f6+ Ke8 30. Rxd6 Qxg5 31. Re6+ fxe6 32. f7+ Kd7 33. Qxg5 Rxg5 34. f8Q Rxh3 35. c5 Bxe4+ 36. Kxb2 Rg2 37. Qd6+ Kc8 38. Qxe6+ Kc7 39. Qxh3 Rxe2+ 40. Kb3 Bd5+ 41. Kxb4 Rb2+ 42. Kc3 Rxa2 43. Qh6 Bc6 44. Qf4+ 1-0

[Event "Rochefort op 18th Op A"]
[Site "Rochefort"]
[Date "2019.02.16"]
[Round "5.6"]
[White "Sosa, Tomas Sebastian"]
[Black "Harutyunyan, Ruben"]
[Result "1-0"]
[WhiteElo "2502"]
[BlackElo "2299"]
[PlyCount "79"]
[EventDate "2019.02.16"]
[EventType "swiss"]
[EventRounds "9"]
[EventCountry "FRA"]
[SourceTitle "CBM 189 Extra"]
[Source "ChessBase"]
[SourceDate "2019.06.03"]
[SourceVersion "1"]
[SourceVersionDate "2019.06.03"]
[SourceQuality "1"]

1. e4 e5 2. Nf3 Nc6 3. Bc4 Nf6 4. d3 Be7 5. c3 0-0 6. 0-0 d6 7. a4 Na5 8. Ba2 c5 9. Bg5 Ne8 10. Be3 Nc6 11. d4 cxd4 12. cxd4 Bg4 13. dxe5 Nxe5 14. Nbd2 Nc7 15. h3 Be6 16. Nxe5 dxe5 17. Nc4 f6 18. Na5 b6 19. Nc6 Qe8 20. Bxe6+ Nxe6 21. Qd5 Bc5 22. a5 Rc8 23. Nxa7 Rd8 24. Qc4 Bxe3 25. fxe3 bxa5 26. Rxa5 Kh8 27. b4 Rd2 28. Ra2 Rxa2 29. Qxa2 Ng5 30. b5 Qg6 31. h4 Nxe4 32. b6 Qg3 33. Qa3 Rg8 34. b7 Qxh4 35. Qb4 Rb8 36. Nc6 Qg5 37. Qxe4 Rxb7 38. Nd8 f5 39. Nxb7 h5 40. Qxe5 1-0

[Event "World ol U16"]
[Site "Konya"]
[Date "2018.12.02"]
[Round "9.6"]
[White "Harutyunyan, Ruben"]
[Black "Bekturov, Tamerlan"]
[Result "1/2-1/2"]
[WhiteElo "2344"]
[BlackElo "2244"]
[PlyCount "98"]
[EventDate "2018.11.25"]
[EventType "team-swiss"]
[EventRounds "9"]
[EventCountry "TUR"]
[SourceTitle "CBM 187 Extra"]
[Source "ChessBase"]
[SourceDate "2018.11.04"]
[SourceVersion "1"]
[SourceVersionDate "2018.11.04"]
[SourceQuality "1"]
[WhiteTeam "France"]
[BlackTeam "Kazakhstan"]
[WhiteTeamCountry "FRA"]
[BlackTeamCountry "KAZ"]

1. e4 c6 2. d4 d5 3. Nc3 dxe4 4. Nxe4 Nd7 5. Bd3 Ngf6 6. Ng5 e6 7. N1f3 Bd6 8. Qe2 h6 9. Ne4 Nxe4 10. Qxe4 Nf6 11. Qh4 Rg8 12. Ne5 Bxe5 13. dxe5 Qa5+ 14. c3 Qxe5+ 15. Be3 Nd5 16. 0-0-0 Nxe3 17. fxe3 Rh8 18. Rd2 Bd7 19. Rhd1 g5 20. Qf2 0-0-0 21. Bc2 c5 22. Qxf7 Bc6 23. Bb3 Qxe3 24. Qxe6+ Qxe6 25. Bxe6+ Kc7 26. Bd5 Bxd5 27. Rxd5 Rxd5 28. Rxd5 Kc6 29. Rf5 Rd8 30. Kc2 Rd5 31. Rf7 a6 32. a4 b6 33. g4 c4 34. b3 b5 35. a5 Rd6 36. h3 Kd5 37. Rb7 Rf6 38. Kb2 Kc5 39. bxc4 bxc4 40. Kc2 Rf2+ 41. Kd1 Rf3 42. Rb6 Rxc3 43. Rxh6 Kb5 44. Rh5 Kb4 45. Rxg5 Rxh3 46. Re5 c3 47. Re8 Kxa5 48. Kc2 Rg3 49. Rb8 Ka4 1/2-1/2

[Event "World ol U16"]
[Site "Konya"]
[Date "2018.11.30"]
[Round "7.7"]
[White "Kacharava, Nikoloz"]
[Black "Harutyunyan, Ruben"]
[Result "1/2-1/2"]
[WhiteElo "2356"]
[BlackElo "2344"]
[PlyCount "91"]
[EventDate "2018.11.25"]
[EventType "team-swiss"]
[EventRounds "9"]
[EventCountry "TUR"]
[SourceTitle "CBM 187 Extra"]
[Source "ChessBase"]
[SourceDate "2018.11.04"]
[SourceVersion "1"]
[SourceVersionDate "2018.11.04"]
[SourceQuality "1"]
[WhiteTeam "Georgia"]
[BlackTeam "France"]
[WhiteTeamCountry "GEO"]
[BlackTeamCountry "FRA"]

1. e4 c5 2. Nf3 Nc6 3. d4 cxd4 4. Nxd4 Nf6 5. Nc3 d6 6. f3 e5 7. Nb3 Be7 8. Be3 0-0 9. Qd2 a5 10. Bb5 Na7 11. Bd3 Nc6 12. a3 a4 13. Nc1 Be6 14. N1e2 Na5 15. Rd1 Nc4 16. Bxc4 Bxc4 17. Ng3 Be6 18. 0-0 Qd7 19. Bg5 Rfc8 20. Rf2 b5 21. Nd5 Bxd5 22. Bxf6 Bxf6 23. Qxd5 g6 24. Kh1 Qa7 25. Re2 Rc5 26. Qa2 Qc7 27. c3 Bg5 28. Ree1 Rd8 29. Rd5 Bh4 30. Red1 Bxg3 31. hxg3 Qe7 32. Qb1 Qg5 33. Kh2 Qh6+ 34. Kg1 Qe3+ 35. Kf1 Qg5 36. Kf2 h5 37. Rxd6 Rxd6 38. Rxd6 h4 39. gxh4 Qxh4+ 40. Kg1 Kg7 41. Qf1 Rc8 42. Qf2 Qh6 43. Qd2 Qh4 44. Qf2 Qh6 45. Qd2 Qh4 46. Qf2 1/2-1/2

[Event "Sautron op 18th"]
[Site "Sautron "]
[Date "2018.10.26"]
[Round "8.4"]
[White "Prie, Eric"]
[Black "Harutyunyan, Ruben"]
[Result "1/2-1/2"]
[WhiteElo "2482"]
[BlackElo "2351"]
[PlyCount "123"]
[EventDate "2018.10.20"]
[EventType "swiss"]
[EventRounds "9"]
[EventCountry "FRA"]
[SourceTitle "EXT 2021"]
[Source "ChessBase"]
[SourceDate "2020.10.23"]
[SourceVersion "1"]
[SourceVersionDate "2020.10.23"]
[SourceQuality "1"]

1. d4 d5 2. Bf4 Nf6 3. e3 e6 4. Nd2 Bd6 5. Bg3 0-0 6. Ngf3 c5 7. c3 Qc7 8. Ne5 Nc6 9. f4 Ne7 10. Bd3 c4 11. Bc2 b5 12. Bh4 Ne8 13. 0-0 f6 14. Nef3 b4 15. cxb4 Bxb4 16. a3 Bd6 17. Nb1 Rb8 18. Ra2 Nf5 19. Bf2 Be7 20. Nc3 Nfd6 21. g4 Nb5 22. Nxb5 Rxb5 23. g5 Qb7 24. gxf6 Nxf6 25. Qb1 Ne4 26. Be1 c3 27. b3 Bd6 28. Kh1 Bd7 29. Rg1 Be8 30. Ng5 Bh5 31. h3 Nxg5 32. Rxg5 Bf3+ 33. Kh2 Be4 34. Bxe4 dxe4 35. Rxb5 Qxb5 36. Qxe4 Qxb3 37. Rc2 Qd5 38. Qxd5 exd5 39. Rxc3 g5 40. Rc6 Bb8 41. Bb4 Re8 42. Bd6 Bxd6 43. Rxd6 Rxe3 44. fxg5 Rxa3 45. Rxd5 Rd3 46. h4 a5 47. h5 a4 48. Rd8+ Kg7 49. h6+ Kg6 50. Rg8+ Kh5 51. Rg7 Rxd4 52. Rxh7 Kxg5 53. Ra7 Kxh6 54. Kg3 Rd3+ 55. Kf4 Rh3 56. Ke4 Rh5 57. Ra6+ Kg7 58. Kd4 Rh1 59. Kc3 a3 60. Rxa3 Rh3+ 61. Kb4 Rxa3 62. Kxa3 1/2-1/2

[Event "Metz 4th"]
[Site "Metz"]
[Date "2018.07.27"]
[Round "7"]
[White "Le Corre, Benjamin"]
[Black "Harutyunyan, Ruben"]
[Result "1/2-1/2"]
[WhiteElo "2257"]
[BlackElo "2303"]
[PlyCount "73"]
[EventDate "2018.07.23"]
[EventType "tourn"]
[EventRounds "9"]
[EventCountry "FRA"]
[EventCategory "4"]
[SourceTitle "CBM 185 Extra"]
[Source "ChessBase"]
[SourceDate "2018.07.29"]
[SourceVersion "1"]
[SourceVersionDate "2018.07.29"]
[SourceQuality "1"]

1. e4 c5 2. Nf3 d6 3. d4 cxd4 4. Nxd4 Nf6 5. Nc3 Nc6 6. Bg5 e6 7. Qd2 a6 8. f4 Bd7 9. 0-0-0 b5 10. Nxc6 Bxc6 11. Qe1 Qa5 12. Kb1 Ra7 13. Bd3 b4 14. Bxf6 gxf6 15. Ne2 Qc5 16. Nc1 Rg8 17. Nb3 Qb6 18. g3 a5 19. Qe2 a4 20. Nd2 a3 21. Nc4 Qc5 22. b3 f5 23. Rhe1 fxe4 24. Bxe4 d5 25. Bxh7 Rg7 26. Qh5 Rxh7 27. Rxe6+ Kd8 28. Qg5+ Kc8 29. Rxc6+ Qxc6 30. Qg8 dxc4 31. Qxf8+ Kb7 32. Qxb4+ Kc7 33. Qe7+ Kb6 34. Qb4+ Kc7 35. Qe7+ Kb6 36. Qb4+ Kc7 37. Qe7+ 1/2-1/2

[Event "Metz 4th"]
[Site "Metz"]
[Date "2018.07.24"]
[Round "2"]
[White "Harutyunyan, Ruben"]
[Black "Mohota, Nisha"]
[Result "1/2-1/2"]
[WhiteElo "2303"]
[BlackElo "2265"]
[PlyCount "60"]
[EventDate "2018.07.23"]
[EventType "tourn"]
[EventRounds "9"]
[EventCountry "FRA"]
[EventCategory "4"]
[SourceTitle "CBM 185 Extra"]
[Source "ChessBase"]
[SourceDate "2018.07.29"]
[SourceVersion "1"]
[SourceVersionDate "2018.07.29"]
[SourceQuality "1"]

1. e4 e5 2. Nf3 Nc6 3. Bb5 a6 4. Ba4 Nf6 5. 0-0 Be7 6. Qe2 b5 7. Bb3 0-0 8. c3 d5 9. d3 dxe4 10. dxe4 Bc5 11. Be3 Bxe3 12. Qxe3 Qe7 13. Nbd2 Na5 14. Bc2 c5 15. Nb3 Nb7 16. a4 Bg4 17. Nh4 c4 18. Nd2 Qc5 19. Qg3 Be2 20. Rfe1 Nh5 21. Qg5 h6 22. Qe3 Qxe3 23. fxe3 Bd3 24. Bxd3 cxd3 25. Nhf3 Nc5 26. axb5 axb5 27. Nxe5 Rxa1 28. Rxa1 Re8 29. Nef3 Nxe4 30. Nxe4 Rxe4 1/2-1/2

[Event "Paris-ch 93rd"]
[Site "Paris"]
[Date "2018.07.20"]
[Round "8"]
[White "Guichard, Pauline"]
[Black "Harutyunyan, Ruben"]
[Result "1/2-1/2"]
[WhiteElo "2379"]
[BlackElo "2303"]
[PlyCount "70"]
[EventDate "2018.07.14"]
[EventType "swiss"]
[EventRounds "9"]
[EventCountry "FRA"]
[SourceTitle "CBM 185 Extra"]
[Source "ChessBase"]
[SourceDate "2018.07.29"]
[SourceVersion "1"]
[SourceVersionDate "2018.07.29"]
[SourceQuality "1"]

1. Nf3 d5 2. c4 c6 3. g3 Bg4 4. Bg2 e6 5. Qb3 Qb6 6. Qc2 Nd7 7. b3 Be7 8. Bb2 Ngf6 9. 0-0 0-0 10. e3 a5 11. Nc3 Bf5 12. d3 Nc5 13. Ne5 Bd6 14. e4 Bxe4 15. dxe4 d4 16. Nd3 dxc3 17. Bxc3 Nfxe4 18. Bd4 Qc7 19. Rae1 e5 20. Bxe5 Bxe5 21. Nxe5 Qxe5 22. Bxe4 Nxe4 23. Rxe4 Qf5 24. Qe2 h6 25. Re5 Qf6 26. Rd1 Rfd8 27. Rxd8+ Qxd8 28. c5 Qd4 29. Re7 Qxc5 30. Rxb7 Rd8 31. Qf3 Qd5 32. Qxd5 Rxd5 33. Ra7 g6 34. Kf1 Rc5 35. Ke1 Kg7 1/2-1/2